000 00499nam a22001697a 4500
999 _c13426
_d13426
003 AR-CdUCM
008 190415b ||||| |||| 00| 0 spa d
040 _aMUNICIPALIDAD PROVINCIAL DEL CUSCO
_cBIBLIOTECA MUNICIPAL DEL CUSCO
082 _a869.56 /
_bAZ96
100 _aAzar, Vicente
_931842
245 _aNueva Canción de Otoño /
300 _a13 páginas ;
_c23cm
500 _aCuadernos de Cocodrilo
505 _aContenido: Literatura
942 _2ddc
_cLIBROS
945 _anom
_d2019-04-15